00463 2200181 4500245004100000020001800041250001200059100001500071700001600086650001700102005001900119260002900138041001400167084001100181300002500192500005500217336000900272 aSuatu Hari di 2018cBoy CandrahText a979-794-544-2 aCet. 1 aBoy Candra aDian Nitami aNovel Remaja a20240129140559 aJakartabMediakitac2017 aIndonesia a808.83 a190 hlm. :c13x19 cm aSebab akhirnya aku yang harus membuatmu patah hati atext